Barcelona 21st century best starting XI - Statistics

General Stats
  • This quiz has been taken 227 times
  • The average score is 10 of 11
Answer Stats
Position Player % Correct
RW Messi
99%
CM Iniesta
98%
CM Xavi
96%
GK Ter Stegen
95%
CB Puyol
94%
AM Neymar
93%
CB Piqué
93%
ST Suarez
93%
LB Alba
82%
RB Alves
82%
LW Ronaldinho
78%
No matching quizzes found
Score Distribution
Percent of People with Each Score
Percentile by Number Answered
Your Score History
You have not taken this quiz